Statistics for Top 10 countries by chocolate consumption.

Click here to take the quiz!

General Stats

  • This quiz has been taken 274 times
  • The average score is 7 of 10

Answer Stats

RankAnswer% Correct
5United Kingdom
94%
2Germany
89%
1Switzerland
86%
3Austria
77%
8Sweden
73%
6Norway
70%
10Finland
68%
4Ireland
66%
7Estonia
37%
9Slovakia
28%

Score Distribution

Percentile by Number Answered

Percent of People with Each Score

Your Score History

You have not taken this quiz